| 000 | 00733nam a2200229 u 4500 | ||
|---|---|---|---|
| 005 | 20240223063624.0 | ||
| 008 | 130904s2008 es r 000 0 spa d | ||
| 020 | _a9788431685393 | ||
| 035 | _aUPN01000192610 | ||
| 049 | _aI | ||
| 050 | 4 |
_aPQ4876 I8.5 _bB6.4 |
|
| 100 | 1 |
_aPiumini, Roberto, _d1947- _934290 |
|
| 245 | 1 | 3 |
_aEl bolsillo mágico / _cRoberto Piumini ; il. Anna Laura Cantone ; tr. Elena del Amo. |
| 260 |
_aBarcelona, Esp. : _bVicens Vives, _c2008. |
||
| 300 |
_a106 p. : _bil. col. |
||
| 440 | 0 |
_aPiñata ; _v17 |
|
| 534 |
_pTítulo original: _tStorie in un fiato |
||
| 650 | 4 |
_aCuentos infantiles italianos _97373 |
|
| 650 | 4 |
_aVALORES - _vLITERATURA INFANTIL _921634 |
|
| 905 | _aInfantil | ||
| 999 |
_c164712 _d164712 |
||